| 000 | 00873nam a2200241Ia 4500 | ||
|---|---|---|---|
| 003 | OSt | ||
| 005 | 20201005175337.0 | ||
| 008 | 191128s2007 ck ao gr 000 0 spa d | ||
| 020 | _a9789587061871 | ||
| 040 |
_aCO-JMCR _cCO-JMCR |
||
| 041 | 0 | _aspa | |
| 082 | 0 | 4 |
_a641.5 / _bC515c _223 |
| 100 | 1 |
_aToyos, Isabel, _eeditora _911276 |
|
| 245 | 1 | 0 |
_aChef en casa : _bmanual básico de cocina / _ceditor, Isabel Toyos |
| 260 |
_aBogotá : _bPeriodico Hoy, _c2007. |
||
| 300 |
_a319 páginas : _bilustraciones, fotografías a color ; _c28 cm. |
||
| 500 | _aIncluye índice temático y de recetas. | ||
| 505 | 0 | _aEquipo básico de cocina -- Métodos de cocción -- Carnes -- Aves y caza -- Pescados y mariscos -- Pastas -- Vegetales -- Frutas -- Salsas | |
| 650 | 2 | 4 |
_aCocina Recetarios _911277 |
| 650 | 2 | 4 |
_aGastronomía _9983 |
| 650 | 2 | 4 |
_aRecetas _911274 |
| 942 |
_2ddc _cBK |
||
| 999 |
_c4419 _d4419 |
||